1767 1343 1941 1621 1867 1557 1070 1318 1562 1738 1394 1786 1103 1238 1727 1882 1636 1167 1209 1517 1555 1094 1551 1603 1557 1255 1628 1913 1059 1004 1194 1279 1110 1406 1235 1396 1997 1416 1903 1660 1360 1411 1957 1719 1473 1804 1609 1498 1529 1037 1826 1555 1925 1369 1991 1286 1945 1338 1020 1919 1780 1161 1805 1106 1563 1098 1578 1211 1624 1329 1611 1966 1313 1457 1360 1828 1098 1528 1648 1236 1779 1600 1988 1859 1392 1226 1804 1558 1495 1450 1391 1996 1266 1392 1157 1125 1964 1293 1537 BCNSPRNW ULIB Ver.6.0+V

เปลี่ยนเป็นภาษาไทย

Change to English
 แสดงรายละเอียดบรรณานุกรม
  กลับหน้าหลัก

Brief Record : Get Marc (ISO 2709) : E-mail record : QR code < ปิดหน้าต่าง
LEADER : 00000nam 2200000uu 4500
001    13399115063
003     ULIB
008    120706s2550||||th 000 0 tha d
020    ^a9789744729644
090    ^aนว.^bร930ฮ ล.4 2550
100 0  ^aโรว์ลิ่ง, เจ.เค.
245 00 ^aแฮร์รี่ พอตเตอร์ กับถ้วยอัคนี เล่ม4/^cโรว์ลิ่ง, เจ.เค.
250    ^aพิมพ์ครั้งที่ 18
260    ^aกรุงเทพฯ :^bนานมีบุ๊คส์,^c2550
300    ^a832 หน้า
710 1  ^aนานมีบุ๊คส์
945    ^p0^l0^i14052
995    ^aกัณชพร
999    ^aใช้งานได้ทุกระบบ
รายการนี้ยังไม่มีแท็ก
คุณยังไม่ได้ล็อกอิน คุณสามารถมีกิจกรรมร่วมกับเว็บไซต์ได้ แต่ต้องล็อกอินก่อน ::
  ล็อกอิน

รายการสื่อสารสนเทศ

ลำดับที่ ประเภท เลขเรียก/บาร์โค้ด สถานที่ สถานะ
1. นวนิยาย
นวนิยาย
นว. ร930ฮ ล.4 2550  
  Barcode: 14052
ห้องสมุดวิทยาเขตสวรรค์ประชารักษ์
►นวนิยาย
บนชั้น
  ขอยืม

รายการใกล้เคียง
    ผู้แต่ง [โรว์ลิ่ง, เจ.เค.]

BibComment


ยังไม่เคยถูกคอมเมนท์

คอมเมนท์ทรัพยากรรายการนี้
  คอมเมนท์: แฮร์รี่ พอตเตอร์..


 Copyright 2026. Bcnsprnw @Library